The IPM practitioner.

Bibliographic Details
Format: Journal
Language:English
Published: Winters, Calif. : Bio-integral Resource Center, [publisher not identified] ; 19-
Subjects:
Online Availability: Check for online availability

MARC

Tag First Indicator Second Indicator Subfields
LEADER 00000cas a2200000 a 4500
001 in00000089409
005 20151008063437.0
008 810813c19799999caumx p 0uuua0eng d
022 |a 0738-968X 
035 |a (OCoLC)07666007 
035 |9 AAK2241AM 
037 |b Bio-Integral Resource Center, Box 28A, Route 1, Winters, CA 94694 
040 |a WYU  |c WYU  |d TXA  |d UtOrBLW 
049 |a TXAE 
090 |a SB950.A1  |b I2 
245 0 4 |a The IPM practitioner. 
264 1 |a Winters, Calif. : Bio-integral Resource Center,  |b [publisher not identified] ;  |c 19- 
300 |a  volumes :  |b illustrations ;  |c 28 cm. 
310 |a 10 issues yearly 
321 |a Monthly 
336 |a text  |b txt  |2 rdacontent 
337 |a unmediated  |b n  |2 rdamedia 
338 |a volume  |b nc  |2 rdacarrier 
500 |a Description based on: Volume 4, number 1 (Jan. 1982). 
650 0 |a Pests  |x Integrated control  |x Periodicals. 
999 |a MARS 
999 f f |s deb72336-ac68-351d-96b8-2b945fb4f8b3  |i 91899ae2-d7d9-3aa3-a09f-1b9740a7ffca  |t 0 
952 f f |p ric  |a Texas A&M University  |b Rellis Campus  |c Joint Library Facility  |d Remote Storage  |t 0  |e SB950.A1 I2  |h Library of Congress classification  |i unmediated -- volume  |k v.30  |l 2008  |m A14838933810 
952 f f |p ric  |a Texas A&M University  |b Rellis Campus  |c Joint Library Facility  |d Remote Storage  |t 0  |e SB950.A1 I2  |h Library of Congress classification  |i unmediated -- volume  |k v.37  |l 2020/2022  |m A14851515503 
952 f f |p ric  |a Texas A&M University  |b Rellis Campus  |c Joint Library Facility  |d Remote Storage  |t 0  |e SB950.A1 I2  |h Library of Congress classification  |i unmediated -- volume  |k v.28  |l 2006  |m A14836132272 
952 f f |p ric  |a Texas A&M University  |b Rellis Campus  |c Joint Library Facility  |d Remote Storage  |t 0  |e SB950.A1 I2  |h Library of Congress classification  |i unmediated -- volume  |k v.29  |l 2007  |m A14837288377 
952 f f |p ric  |a Texas A&M University  |b Rellis Campus  |c Joint Library Facility  |d Remote Storage  |t 0  |e SB950.A1 I2  |h Library of Congress classification  |i unmediated -- volume  |k v.1-3  |l 1979-1981  |m A14852048520 
952 f f |p ric  |a Texas A&M University  |b Rellis Campus  |c Joint Library Facility  |d Remote Storage  |t 0  |e SB950.A1 I2  |h Library of Congress classification  |i unmediated -- volume  |k v.32  |l 2010  |m A14851508490 
952 f f |p ric  |a Texas A&M University  |b Rellis Campus  |c Joint Library Facility  |d Remote Storage  |t 0  |e SB950.A1 I2  |h Library of Congress classification  |i unmediated -- volume  |k v.24  |l 2002  |m A14830951563 
952 f f |p ric  |a Texas A&M University  |b Rellis Campus  |c Joint Library Facility  |d Remote Storage  |t 0  |e SB950.A1 I2  |h Library of Congress classification  |i unmediated -- volume  |k v.33  |l 2011/2013  |m A14851508508 
952 f f |p ric  |a Texas A&M University  |b Rellis Campus  |c Joint Library Facility  |d Remote Storage  |t 0  |e SB950.A1 I2  |h Library of Congress classification  |i unmediated -- volume  |k v.22  |l 2000  |m A14827305012 
952 f f |p ric  |a Texas A&M University  |b Rellis Campus  |c Joint Library Facility  |d Remote Storage  |t 0  |e SB950.A1 I2  |h Library of Congress classification  |i unmediated -- volume  |k v.15  |l 1993  |m A14817932249 
952 f f |p ric  |a Texas A&M University  |b Rellis Campus  |c Joint Library Facility  |d Remote Storage  |t 0  |e SB950.A1 I2  |h Library of Congress classification  |i unmediated -- volume  |k v.27  |l 2005  |m A14834630274 
952 f f |p ric  |a Texas A&M University  |b Rellis Campus  |c Joint Library Facility  |d Remote Storage  |t 0  |e SB950.A1 I2  |h Library of Congress classification  |i unmediated -- volume  |k v.20:no.1-9,11/12  |l 1998:Jan.-Sept.,Nov./Dec.  |m A14827301050 
952 f f |p ric  |a Texas A&M University  |b Rellis Campus  |c Joint Library Facility  |d Remote Storage  |t 0  |e SB950.A1 I2  |h Library of Congress classification  |i unmediated -- volume  |k v.16  |l 1994  |m A14819182793 
952 f f |p ric  |a Texas A&M University  |b Rellis Campus  |c Joint Library Facility  |d Remote Storage  |t 0  |e SB950.A1 I2  |h Library of Congress classification  |i unmediated -- volume  |k v.36  |l 2018/2019  |m A14851508532 
952 f f |p ric  |a Texas A&M University  |b Rellis Campus  |c Joint Library Facility  |d Remote Storage  |t 0  |e SB950.A1 I2  |h Library of Congress classification  |i unmediated -- volume  |k v.14  |l 1992  |m A14817009517 
952 f f |p ric  |a Texas A&M University  |b Rellis Campus  |c Joint Library Facility  |d Remote Storage  |t 0  |e SB950.A1 I2  |h Library of Congress classification  |i unmediated -- volume  |k v.4-6  |l 1982-1984  |m A14852048538 
952 f f |p ric  |a Texas A&M University  |b Rellis Campus  |c Joint Library Facility  |d Remote Storage  |t 0  |e SB950.A1 I2  |h Library of Congress classification  |i unmediated -- volume  |k v.35:no.1/2-5/6,9/10-11/12  |l 2015:Oct.-2016:Feb.-Aug.,2017:May-Oct.  |m A14851508524 
952 f f |p ric  |a Texas A&M University  |b Rellis Campus  |c Joint Library Facility  |d Remote Storage  |t 0  |e SB950.A1 I2  |h Library of Congress classification  |i unmediated -- volume  |k v.21  |l 1999  |m A14827304977 
952 f f |p ric  |a Texas A&M University  |b Rellis Campus  |c Joint Library Facility  |d Remote Storage  |t 0  |e SB950.A1 I2  |h Library of Congress classification  |i unmediated -- volume  |k v.13  |l 1991  |m A14815587323 
952 f f |p ric  |a Texas A&M University  |b Rellis Campus  |c Joint Library Facility  |d Remote Storage  |t 0  |e SB950.A1 I2  |h Library of Congress classification  |i unmediated -- volume  |k v.18  |l 1996  |m A14820729443 
952 f f |p ric  |a Texas A&M University  |b Rellis Campus  |c Joint Library Facility  |d Remote Storage  |t 0  |e SB950.A1 I2  |h Library of Congress classification  |i unmediated -- volume  |k v.12  |l 1990  |m A14814656470 
952 f f |p ric  |a Texas A&M University  |b Rellis Campus  |c Joint Library Facility  |d Remote Storage  |t 0  |e SB950.A1 I2  |h Library of Congress classification  |i unmediated -- volume  |k v.10-11  |l 1988-1989  |m A14812063998 
952 f f |p ric  |a Texas A&M University  |b Rellis Campus  |c Joint Library Facility  |d Remote Storage  |t 0  |e SB950.A1 I2  |h Library of Congress classification  |i unmediated -- volume  |k v.7-9  |l 1985-1987  |m A14811400553 
952 f f |p ric  |a Texas A&M University  |b Rellis Campus  |c Joint Library Facility  |d Remote Storage  |t 0  |e SB950.A1 I2  |h Library of Congress classification  |i unmediated -- volume  |k v.17  |l 1995  |m A14820729451 
952 f f |p ric  |a Texas A&M University  |b Rellis Campus  |c Joint Library Facility  |d Remote Storage  |t 0  |e SB950.A1 I2  |h Library of Congress classification  |i unmediated -- volume  |k v.25  |l 2003  |m A14832157107 
952 f f |p ric  |a Texas A&M University  |b Rellis Campus  |c Joint Library Facility  |d Remote Storage  |t 0  |e SB950.A1 I2  |h Library of Congress classification  |i unmediated -- volume  |k v.31  |l 2009  |m A14851508482 
952 f f |p ric  |a Texas A&M University  |b Rellis Campus  |c Joint Library Facility  |d Remote Storage  |t 0  |e SB950.A1 I2  |h Library of Congress classification  |i unmediated -- volume  |k v.23  |l 2001  |m A14829288012 
952 f f |p ric  |a Texas A&M University  |b Rellis Campus  |c Joint Library Facility  |d Remote Storage  |t 0  |e SB950.A1 I2  |h Library of Congress classification  |i unmediated -- volume  |k v.19  |l 1997  |m A14823889878 
952 f f |p ric  |a Texas A&M University  |b Rellis Campus  |c Joint Library Facility  |d Remote Storage  |t 0  |e SB950.A1 I2  |h Library of Congress classification  |i unmediated -- volume  |k v.26  |l 2004  |m A14833796467 
952 f f |p ric  |a Texas A&M University  |b Rellis Campus  |c Joint Library Facility  |d Remote Storage  |t 0  |e SB950.A1 I2  |h Library of Congress classification  |i unmediated -- volume  |k v.34  |l 2013/2015  |m A14851508516 
998 f f |a SB950.A1 I2  |s v.36-37 (2018/2019-2020/2022)  |t 0  |l Remote Storage